=LDR 00000nam 2200000 4500 =001 INLIS000000000027488 =005 20130612125848 =008 ***********************************Ind** =035 ##$$0010-061300000027488 =041 ##$$a Ind =082 ##$$a 177.6 =090 ##$$a 177.6, Fik a =100 ##$$a Fikri,Ali =245 ##$$a Akhlak terindah untuk kaum perempuan, Ali Fikri;Penerjemah,Ita Qonita =260 ##$$a 2006 $b Yogyakarta =300 ##$$a xii,193 hlm, 21 cm =650 ##$$a Etika pergaulan-Wanita =700 ##$$a Qonita,Ita =850 ##$$a NBPNMAT